000
00292nam a22001337a 4500
008
181031b xxu||||| |||| 00| 0 eng d
020
_a
0029259401
041
_a
eng
080
_a
030
100
_a
23
101
_a
ENC
245
_a
Encyclopedia of Bioethics
_c
Reich,W.T
942
_2
udc
_c
BK
999
_c
51312
_d
51312